| 000 | 00000nam##2200000za#4500 |
| 001 | 9.609357 |
| 003 | CaOODSP |
| 005 | 20200327113658 |
| 007 | ta |
| 008 | 150406|1990||||xxc||||| f|0| 0 eng|d |
| 022 | |a0706-6457 |
| 040 | |aCaOODSP|beng |
| 043 | |an-cn--- |
| 086 | 1 |aFs97-6/1753E |
| 110 | 1 |aCanada. |bDepartment of Fisheries and Oceans. |
| 245 | 12|aA versatile computer program for mixed stock fishery composition estimation / |cby R. B. Millar. |
| 260 | |aOttawa - Ontario : |bFisheries and Oceans Canada |c1990. |
| 300 | |a29p. : |breferences, tables ; |c28 cm. |
| 490 | 1 |aCanadian technical report of fisheries and aquatic sciences|x0706-6457|v1753 |
| 500 | |aPrepared in the Science Branch, Department of Fisheries and Oceans, P.O. Box 5667, St. John's, Newfoundland A1C 5X1. |
| 546 | |aRésumés en français |
| 563 | |aSoftcover |
| 720 | 1 |aMillar, R. B. |
| 776 | 0#|tA versatile computer program for mixed stock fishery composition estimation / |w(CaOODSP)9.573751 |
| 830 | #0|aCanadian technical report of fisheries and aquatic sciences,|x0706-6457|v1753|w(CaOODSP)9.514691 |